Big U.S. Cities Closest to Atlanta - Statistics

General Stats
  • This quiz has been taken 105 times
  • The average score is 6 of 10
Answer Stats
Distance Population U.S. City % Correct
139.6 1,090,435 Birmingham, AL
87%
141.7 608,980 Augusta, GA
76%
102.9 565,194 Chattanooga
69%
145.7 373,290 Montgomery
69%
95.6 321,048 Columbus, GA
59%
141.8 471,824 Huntsville
56%
154.8 869,046 Knoxville
54%
136.9 920,477 Greenville, SC
39%
165.1 462,680 Asheville
27%
163.1 319,785 Spartanburg
19%
No matching quizzes found
Score Distribution
Percent of People with Each Score
Percentile by Number Answered
Your Score History
You have not taken this quiz